000 00628nam a2200229Ia 4500
003 OSt
005 20220926033953.0
006 a|||||r|||| 00| 0
007 ta
008 220923b |||||||| |||| 00| 0 eng d
037 _cGeneral Book
040 _aRTL
_cRTL
_beng
041 _2eng
_aeng
082 _aXM8:8C, L6
100 _aBurns Joseph M
_9339868
245 0 _aAccounting standards and international fianace
_b e
260 _aWashington
_bA E I P P R
_c1976
300 _a59p
_ccm.
650 _aMultinational
942 _hXM8:8C, L6
_cGB
_2CC
999 _c658474
_d658474